[Event "Championnat de la Loire virtuel"]
[Site "?"]
[Date "2001.10.20"]
[Round "1"]
[White "Soler, Gerald"]
[Black "Poncet, Alain"]
[Result "1/2-1/2"]
[WhiteElo "1140"]
[BlackElo "1820"]
[PlyCount "46"]

1. e4 Nf6 2. Nc3 d5 3. e5 Nfd7 4. e6 Ne5 5. d4 Nec6 6. exf7+ Kxf7 7. Qh5+ g6 8.
Qxd5+ Qxd5 9. Nxd5 Nxd4 10. Bd3 Na6 11. c3 c6 12. Ne3 Nf5 13. Nf3 Bg7 14. Bxa6
bxa6 15. O-O Rd8 16. Rd1 Bb7 17. Kf1 c5 18. Ke2 Rxd1 19. Nxd1 h6 20. g4 Nd6 21.
Be3 Bxf3+ 22. Kxf3 Nb7 23. b3 Rd8 1/2-1/2

[Event "Championnat de la Loire virtuel"]
[Site "?"]
[Date "2001.10.20"]
[Round "1"]
[White "Deville, Olivier"]
[Black "Valla, Nicolas"]
[Result "0-1"]
[WhiteElo "2038"]
[BlackElo "1940"]
[PlyCount "60"]

1. Nf3 d6 2. d4 Bg4 3. c4 Bxf3 4. exf3 Nd7 5. Nc3 g6 6. Be3 c6 7. Qd2 Bg7 8.
Be2 Ngf6 9. O-O O-O 10. d5 Nb6 11. Rab1 e6 12. dxe6 fxe6 13. b4 d5 14. cxd5
exd5 15. Bd4 Nh5 16. Bxg7 Nxg7 17. b5 c5 18. Nxd5 Rf5 19. Rfd1 Rxd5 20. Bc4
Nxc4 21. Qxd5+ Qxd5 22. Rxd5 b6 23. a4 a6 24. g3 axb5 25. axb5 Nf5 26. Re1 Kf7
27. Rd7+ Kf6 28. Rxh7 Nd4 29. Ree7 Nd6 30. f4 c4 0-1

[Event "Championnat de la Loire virtuel"]
[Site "?"]
[Date "2001.10.20"]
[Round "1"]
[White "Rivet, Gerard"]
[Black "Rousset, Nicolas"]
[Result "0-1"]
[WhiteElo "1499"]
[BlackElo "1910"]
[PlyCount "84"]

1. e4 c5 2. Nc3 Nc6 3. g3 g6 4. Bg2 Bg7 5. d3 d6 6. f4 Rb8 7. Nf3 b5 8. O-O b4
9. Nd5 e6 10. Ne3 Nge7 11. a3 a5 12. axb4 axb4 13. Nc4 O-O 14. e5 dxe5 15.
Ncxe5 Bb7 16. Nxc6 Nxc6 17. Qd2 Qb6 18. c4 Rfd8 19. Qe2 Qc7 20. Be3 Nd4 21.
Nxd4 Bxg2 22. Qxg2 Bxd4 23. Bxd4 Rxd4 24. Qf3 Rbd8 25. Rfd1 Kg7 26. Ra8 R8d7
27. Ra6 Qd8 28. Ra8 Qb6 29. Rc8 b3 30. Qc6 Qxc6 31. Rxc6 Rxd3 32. Rxd3 Rxd3 33.
Rxc5 Rd1+ 34. Kg2 Rd2+ 35. Kh3 Rxb2 36. Rb5 Rb1 37. Rb7 Kf8 38. c5 Ke8 39. Kg4
b2 40. Kg5 Kd8 41. c6 Kc8 42. Kf6 e5 0-1

[Event "Championnat de la Loire virtuel"]
[Site "?"]
[Date "2001.10.20"]
[Round "1"]
[White "Rea, Laurent"]
[Black "Pomat, Jerome"]
[Result "1-0"]
[WhiteElo "1840"]
[BlackElo "1480"]
[PlyCount "43"]

1. d4 Na6 2. c4 c5 3. d5 e6 4. Nc3 Nc7 5. e4 g6 6. Nf3 Bg7 7. d6 Na6 8. Be2 b6
9. a3 Bb7 10. Qc2 Nf6 11. Bg5 Qb8 12. Rd1 O-O 13. O-O Ne8 14. Bf4 Bxc3 15. bxc3
Nf6 16. Bd3 Nh5 17. Bh6 Re8 18. e5 Bxf3 19. gxf3 Qd8 20. Qd2 Nb8 21. Be4 f5 22.
Bxa8 1-0

[Event "Championnat de la Loire virtuel"]
[Site "?"]
[Date "2001.10.20"]
[Round "1"]
[White "Brisson, Philippe"]
[Black "Valet, Godeffroy"]
[Result "0-1"]
[WhiteElo "1400"]
[BlackElo "1570"]
[PlyCount "54"]

1. c4 e5 2. Nc3 Nf6 3. e3 Nc6 4. d3 Bb4 5. Bd2 O-O 6. a3 Bxc3 7. Bxc3 d5 8.
cxd5 Nxd5 9. Nf3 f6 10. e4 Nxc3 11. bxc3 Kh8 12. Be2 Bg4 13. O-O Qd6 14. h3
Bxf3 15. Bxf3 Rad8 16. Be2 g6 17. Kh1 f5 18. f3 f4 19. Qb3 b6 20. Rfd1 Qf6 21.
Qa4 Na5 22. Rab1 c5 23. Rd2 Rf7 24. Qd1 Rfd7 25. Rb5 Nc4 26. dxc4 Rxd2 27. Qa4
Rxe2 0-1

[Event "Championnat de la Loire virtuel"]
[Site "?"]
[Date "2001.10.20"]
[Round "2"]
[White "Poncet, Alain"]
[Black "Valet, Godeffroy"]
[Result "1-0"]
[WhiteElo "1820"]
[BlackElo "1570"]
[PlyCount "93"]

1. e4 e6 2. d4 d5 3. exd5 exd5 4. c4 Nf6 5. Nf3 Bb4+ 6. Nc3 O-O 7. Be2 dxc4 8.
O-O Be6 9. Bg5 Nbd7 10. Rc1 h6 11. Bh4 c6 12. Ne4 b5 13. a4 Bd5 14. Nc3 Be6 15.
axb5 Bxc3 16. bxc3 cxb5 17. Ra1 Qb6 18. Qc2 Rfe8 19. Rfb1 a6 20. Nd2 Nd5 21.
Bxc4 Nf4 22. Bf1 Bd5 23. Qf5 Qc7 24. Bg3 g5 25. Bxf4 gxf4 26. Qxd5 Qxc3 27. Ne4
Qc2 28. Re1 Qc7 29. Qxd7 Qxd7 30. Nf6+ Kg7 31. Nxd7 Red8 32. Nc5 Rxd4 33. Bxb5
a5 34. f3 Rd5 35. Bc6 Rxc5 36. Bxa8 Kg6 37. Rec1 Re5 38. Rc6+ f6 39. Ra6 h5 40.
Be4+ Kg5 41. R1xa5 Rxa5 42. Rxa5+ Kh4 43. Bf5 Kg5 44. Bg4+ f5 45. Rxf5+ Kg6 46.
Rxh5 Kf6 47. Rf5+ 1-0

[Event "Championnat de la Loire virtuel"]
[Site "?"]
[Date "2001.10.20"]
[Round "2"]
[White "Pomat, Jerome"]
[Black "Brisson, Philippe"]
[Result "1-0"]
[WhiteElo "1480"]
[BlackElo "1400"]
[PlyCount "59"]

1. e4 e5 2. f4 exf4 3. Nf3 Nc6 4. Nc3 d6 5. d4 Nf6 6. Bxf4 Bg4 7. d5 Bxf3 8.
gxf3 Ne5 9. Qe2 Be7 10. Bh3 O-O 11. Rg1 Nh5 12. Be3 Bh4+ 13. Kd2 Qf6 14. Bf5 g6
15. f4 Ng4 16. Bxg4 Nxf4 17. Bxf4 Qxf4+ 18. Kd3 Kh8 19. Raf1 Qh6 20. Nb5 c6 21.
Nxd6 Qg7 22. c4 c5 23. e5 f5 24. Bxf5 Rxf5 25. Nxf5 Qd7 26. Nxh4 Qa4 27. b3 Qa6
28. e6 Rd8 29. Qe5+ Kg8 30. Rf7 1-0

[Event "Championnat de la Loire virtuel"]
[Site "?"]
[Date "2001.10.20"]
[Round "2"]
[White "Rousset, Nicolas"]
[Black "Rea, Laurent"]
[Result "1-0"]
[WhiteElo "1910"]
[BlackElo "1840"]
[PlyCount "77"]

1. c4 Nf6 2. Nc3 d6 3. Nf3 Nbd7 4. g3 c6 5. Bg2 e5 6. O-O Be7 7. e4 O-O 8. d4
Re8 9. h3 Qc7 10. Be3 Nf8 11. Qd2 Bd7 12. Rac1 Rac8 13. Nh4 Nh5 14. Nf5 Ne6 15.
Nxe7+ Rxe7 16. d5 Nf8 17. g4 Nf6 18. Bg5 Ng6 19. Bxf6 gxf6 20. Qh6 Qd8 21. Ne2
Qf8 22. Qd2 c5 23. f4 Qh6 24. Rcd1 a6 25. f5 Qxd2 26. Rxd2 Nf8 27. Ng3 Be8 28.
Nh5 Nd7 29. g5 fxg5 30. f6 Nxf6 31. Nxf6+ Kg7 32. Nh5+ Kg8 33. Rf6 Rd8 34. Rdf2
b5 35. cxb5 axb5 36. R2f5 Ra7 37. Rxg5+ Kh8 38. Rg7 Rxa2 39. Rh6 1-0

[Event "Championnat de la Loire virtuel"]
[Site "?"]
[Date "2001.10.20"]
[Round "2"]
[White "Valla, Nicolas"]
[Black "Rivet, Gerard"]
[Result "1-0"]
[WhiteElo "1940"]
[BlackElo "1499"]
[PlyCount "49"]

1. e4 d5 2. exd5 Qxd5 3. Nc3 Qa5 4. d4 Nf6 5. Nf3 c6 6. Bc4 e6 7. O-O Bd6 8.
Bd2 Qc7 9. Re1 Nbd7 10. Bg5 O-O 11. Qe2 Re8 12. Rad1 a6 13. Ne4 Nxe4 14. Qxe4
b5 15. Bd3 g6 16. Ne5 Nxe5 17. dxe5 Be7 18. Bf6 Bxf6 19. exf6 e5 20. Qh4 Re6
21. f4 Bb7 22. fxe5 Qb6+ 23. Kh1 Qc5 24. b4 Qf8 25. Bxg6 1-0

[Event "Championnat de la Loire virtuel"]
[Site "?"]
[Date "2001.10.20"]
[Round "2"]
[White "Soler, Gerald"]
[Black "Deville, Olivier"]
[Result "0-1"]
[WhiteElo "1140"]
[BlackElo "2038"]
[PlyCount "94"]

1. e4 c5 2. Nf3 e6 3. d4 cxd4 4. Nxd4 Nc6 5. Nc3 Qc7 6. Be2 a6 7. O-O Nf6 8.
Be3 Bb4 9. Na4 Bd6 10. Nf3 Nxe4 11. Nb6 Rb8 12. Nxc8 Rxc8 13. c3 O-O 14. Qc2 f5
15. Rad1 Nb4 16. Qb3 Nd5 17. Bc1 Nf4 18. Rfe1 g5 19. g3 Nh3+ 20. Kg2 Nhxf2 21.
Rxd6 Qxd6 22. Nxg5 b5 23. Nxe4 Nxe4 24. Bf4 Qc5 25. Rf1 Nf6 26. Bh6 Rfe8 27.
Kh3 Kh8 28. Bf3 a5 29. a3 Qc4 30. Qxc4 bxc4 31. Bg5 Rf8 32. Rf2 Ne4 33. Bxe4
fxe4 34. Re2 d5 35. Bf4 a4 36. Be5+ Kg8 37. Kg2 Rf7 38. Bd4 Kf8 39. Kh3 Ke7 40.
Be3 e5 41. Kg2 Ke6 42. Rd2 Rf3 43. Bg1 Rcf8 44. Re2 Rf1 45. Be3 Rb1 46. Rd2 Rb8
47. Kh3 R8xb2 0-1

[Event "Championnat de la Loire virtuel"]
[Site "?"]
[Date "2001.10.20"]
[Round "3"]
[White "Deville, Olivier"]
[Black "Poncet, Alain"]
[Result "1-0"]
[WhiteElo "2038"]
[BlackElo "1820"]
[PlyCount "81"]

1. Nf3 Nf6 2. c4 e6 3. g3 d5 4. Bg2 Nbd7 5. O-O Be7 6. d4 O-O 7. Qc2 c5 8. cxd5
Nxd5 9. Nc3 b6 10. Nxd5 exd5 11. Bf4 Ba6 12. Rfe1 Re8 13. Rad1 Bf6 14. dxc5
Nxc5 15. Ng5 Bxg5 16. Rxd5 Qc8 17. Bxg5 Bb7 18. Rdd1 Bxg2 19. Kxg2 Qb7+ 20. f3
h6 21. Bf4 Re6 22. b4 Nd7 23. Qc7 Qxc7 24. Bxc7 Nf6 25. e4 Rae8 26. b5 g5 27.
g4 h5 28. h3 hxg4 29. hxg4 Nxe4 30. Rxe4 Rxe4 31. fxe4 Rxe4 32. Kf3 Ra4 33. Rd2
f6 34. Rd8+ Kf7 35. Ra8 Ra3+ 36. Ke4 Rxa2 37. Bxb6 Ra4+ 38. Kd5 Rxg4 39. Rxa7+
Kg6 40. Bd4 f5 41. b6 1-0

[Event "Championnat de la Loire virtuel"]
[Site "?"]
[Date "2001.10.20"]
[Round "3"]
[White "Rivet, Gerard"]
[Black "Soler, Gerald"]
[Result "1/2-1/2"]
[WhiteElo "1499"]
[BlackElo "1140"]
[PlyCount "36"]

1. e4 e5 2. d4 exd4 3. Qxd4 Nc6 4. Qe3 Nf6 5. Nc3 Bb4 6. Bd2 O-O 7. O-O-O Re8
8. Nf3 d5 9. Be1 d4 10. Nxd4 Bc5 11. Nxc6 Bxe3+ 12. fxe3 Qxd1+ 13. Kxd1 bxc6
14. Bd3 Bg4+ 15. Kc1 Rab8 16. Bg3 Re7 17. Bh4 Rb7 18. h3 Bd7 1/2-1/2

[Event "Championnat de la Loire virtuel"]
[Site "?"]
[Date "2001.10.20"]
[Round "3"]
[White "Rea, Laurent"]
[Black "Valla, Nicolas"]
[Result "0-1"]
[WhiteElo "1840"]
[BlackElo "1940"]
[PlyCount "74"]

1. d4 Nf6 2. c4 c5 3. d5 b5 4. cxb5 a6 5. Nc3 axb5 6. e4 b4 7. Nb5 d6 8. Bf4 g5
9. Bxg5 Nxe4 10. Bf4 Nf6 11. Rc1 Bg7 12. Rxc5 dxc5 13. Nc7+ Kf8 14. Nxa8 Qa5
15. d6 e5 16. Bxe5 Qxa8 17. Bc4 Qe4+ 18. Qe2 Qxg2 19. Bxf6 Bxf6 20. Qf3 Qxf3
21. Nxf3 Bxb2 22. Ng5 Nd7 23. Nxf7 Ne5 24. Nxe5 Bxe5 25. Rg1 Bxh2 26. Rg5 Bxd6
27. Ke2 h5 28. Bd5 h4 29. Rg1 h3 30. Kf3 h2 31. Rh1 Rh3+ 32. Ke2 Ba6+ 33. Kd2
Rd3+ 34. Kc2 Rxd5 35. f3 Be2 36. Re1 Rh5 37. Rxe2 h1=Q 0-1

[Event "Championnat de la Loire virtuel"]
[Site "?"]
[Date "2001.10.20"]
[Round "3"]
[White "Brisson, Philippe"]
[Black "Rousset, Nicolas"]
[Result "0-1"]
[WhiteElo "1400"]
[BlackElo "1910"]
[PlyCount "70"]

1. c4 g6 2. d4 Nf6 3. Nf3 Bg7 4. e3 O-O 5. Bd3 d6 6. O-O Nbd7 7. Nc3 c6 8. Bd2
e5 9. Re1 Re8 10. e4 exd4 11. Nxd4 Nc5 12. Bc2 Qc7 13. b4 Ncxe4 14. Nxe4 Nxe4
15. Be3 a6 16. Rb1 Nc3 17. Qd2 Nxb1 18. Bxb1 Be6 19. Nxe6 Rxe6 20. Bf4 Rae8 21.
Rxe6 Rxe6 22. c5 Qe7 23. Kf1 dxc5 24. bxc5 Qxc5 25. Be3 Qd5 26. Bd3 Rd6 27. Ke2
Qxg2 28. Qb4 Qd5 29. Qxb7 Qxd3+ 30. Kf3 Qf5+ 31. Ke2 Qg4+ 32. f3 Qg2+ 33. Bf2
Re6+ 34. Kd3 Qxf3+ 35. Kc4 Qc3# 0-1

[Event "Championnat de la Loire virtuel"]
[Site "?"]
[Date "2001.10.20"]
[Round "3"]
[White "Valet, Godeffroy"]
[Black "Pomat, Jerome"]
[Result "0-1"]
[WhiteElo "1570"]
[BlackElo "1480"]
[PlyCount "100"]

1. e4 Nf6 2. e5 Nd5 3. d4 d6 4. Nf3 Bg4 5. Be2 Nc6 6. c4 Nb6 7. exd6 exd6 8.
O-O Be7 9. Nc3 O-O 10. b3 Bf6 11. Be3 Ne7 12. a4 Nf5 13. a5 Nd7 14. Qd3 Re8 15.
Rae1 Nxe3 16. fxe3 c6 17. b4 Qc7 18. h3 Bh5 19. Rf2 Bg6 20. e4 Re7 21. Bd1 Rae8
22. Nd2 Bg5 23. Bf3 Bh4 24. Rff1 Bxe1 25. Rxe1 a6 26. Qf1 f5 27. Qd3 Nf6 28.
Re2 fxe4 29. Bxe4 Nxe4 30. Ndxe4 Qd8 31. Qf3 d5 32. cxd5 cxd5 33. Ng3 Rf8 34.
Qxd5+ Qxd5 35. Nxd5 Rxe2 36. Nxe2 Bd3 37. Nef4 Bc4 38. Kh2 Bxd5 39. Nxd5 Rd8
40. Ne7+ Kf7 41. Nf5 Rd5 42. g4 g6 43. Nh6+ Kg7 44. g5 Rxd4 45. Ng4 Rxb4 46.
Kg3 Rb5 47. Kh4 Rxa5 48. Kg3 Rxg5 49. Kh4 Rxg4+ 50. hxg4 b5 0-1

[Event "Championnat de la Loire virtuel"]
[Site "?"]
[Date "2001.10.20"]
[Round "4"]
[White "Poncet, Alain"]
[Black "Pomat, Jerome"]
[Result "1-0"]
[WhiteElo "1820"]
[BlackElo "1480"]
[PlyCount "49"]

1. e4 c6 2. d4 Na6 3. c4 e6 4. Nc3 Nc7 5. Nf3 d5 6. cxd5 exd5 7. Bf4 Ne6 8. Be3
Nf6 9. e5 Ne4 10. Bd3 f5 11. exf6 Nxc3 12. f7+ Kxf7 13. Ne5+ Ke8 14. bxc3 g6
15. h4 Ng7 16. h5 Nf5 17. Qf3 Bg7 18. hxg6 hxg6 19. Rxh8+ Bxh8 20. Nxg6 Qf6 21.
Qh5 Nxe3 22. Nxh8+ Kd8 23. fxe3 Be6 24. Ng6 Bf7 25. Qe5 1-0

[Event "Championnat de la Loire virtuel"]
[Site "?"]
[Date "2001.10.20"]
[Round "4"]
[White "Rousset, Nicolas"]
[Black "Valet, Godeffroy"]
[Result "1-0"]
[WhiteElo "1910"]
[BlackElo "1570"]
[PlyCount "77"]

1. d4 d5 2. c4 e5 3. dxe5 d4 4. Nf3 c5 5. g3 Nc6 6. Bg2 Bf5 7. O-O f6 8. Bf4
Qb6 9. Qd2 g5 10. exf6 gxf4 11. f7+ Kxf7 12. Qxf4 Nce7 13. Ne5+ Ke8 14. g4 Be6
15. Nd2 Bg7 16. Ne4 Qc7 17. Ng6 Qxf4 18. Nxf4 Bxc4 19. Nd6+ Kd7 20. Nxc4 b5 21.
Bxa8 bxc4 22. Nh5 Be5 23. f4 Bc7 24. Rac1 Nh6 25. Bf3 Bxf4 26. Nxf4 Rg8 27. h3
Nhf5 28. Bd5 Nxd5 29. Nxd5 Ng3 30. Nf6+ Ke6 31. Nxg8 Nxe2+ 32. Kg2 Nxc1 33.
Rxc1 Kd5 34. Nf6+ Ke5 35. Nxh7 d3 36. Kf3 Kd4 37. g5 Kd5 38. g6 Ke6 39. Rxc4
1-0

[Event "Championnat de la Loire virtuel"]
[Site "?"]
[Date "2001.10.20"]
[Round "4"]
[White "Valla, Nicolas"]
[Black "Brisson, Philippe"]
[Result "1-0"]
[WhiteElo "1940"]
[BlackElo "1400"]
[PlyCount "59"]

1. e4 e5 2. Nf3 Nc6 3. d4 exd4 4. Bc4 d6 5. Nxd4 Nxd4 6. Qxd4 Nf6 7. Nc3 c5 8.
Qd3 Be7 9. Bb5+ Bd7 10. Bf4 Bxb5 11. Qxb5+ Qd7 12. O-O-O Qxb5 13. Nxb5 O-O 14.
Nxd6 Bxd6 15. Bxd6 Nxe4 16. Bxf8 Nxf2 17. Bxc5 Nxh1 18. Rxh1 g6 19. Re1 b6 20.
Bd4 Rc8 21. Re7 Rd8 22. c3 Ra8 23. Kd2 h5 24. Ke3 Kf8 25. Bf6 a6 26. Kf4 b5 27.
Ke5 Rc8 28. Ra7 Rc5+ 29. Kd6 Rf5 30. Ra8# 1-0

[Event "Championnat de la Loire virtuel"]
[Site "?"]
[Date "2001.10.20"]
[Round "4"]
[White "Soler, Gerald"]
[Black "Rea, Laurent"]
[Result "1/2-1/2"]
[WhiteElo "1140"]
[BlackElo "1840"]
[PlyCount "59"]

1. e4 c5 2. Nf3 e6 3. d4 cxd4 4. Nxd4 a6 5. c4 Nf6 6. Nc3 Bb4 7. Bd3 Qc7 8. Qc2
Nc6 9. Nf3 Ne5 10. Nxe5 Qxe5 11. O-O Bxc3 12. Qxc3 Qxc3 13. bxc3 d6 14. Ba3 Kd7
15. c5 d5 16. e5 Kc7 17. exf6 gxf6 18. Rfe1 e5 19. Rab1 e4 20. Bf1 Be6 21. g3
Rhg8 22. Bg2 f5 23. Kf1 Rg6 24. f3 Rag8 25. f4 h5 26. Re3 h4 27. Kf2 Bd7 28.
Bh3 Rh6 29. Rh1 Kd8 30. Bb4 1/2-1/2

[Event "Championnat de la Loire virtuel"]
[Site "?"]
[Date "2001.10.20"]
[Round "4"]
[White "Deville, Olivier"]
[Black "Rivet, Gerard"]
[Result "1-0"]
[WhiteElo "2038"]
[BlackElo "1499"]
[PlyCount "131"]

1. Nf3 f5 2. e4 fxe4 3. Ng5 d5 4. d3 Nf6 5. dxe4 h6 6. Nf3 dxe4 7. Qxd8+ Kxd8
8. Ne5 Be6 9. Nc3 Nbd7 10. Ng6 Rg8 11. Bf4 Bf5 12. Ne5 Kc8 13. Bc4 e6 14. Nb5
a6 15. Nd4 Nh5 16. Nxe6 Nb6 17. Bb3 Bd6 18. g4 Nxf4 19. Nxf4 Re8 20. gxf5 Bxe5
21. Ne6 Bxb2 22. Rd1 Bc3+ 23. Ke2 a5 24. a4 Kb8 25. Rhg1 Re7 26. Rg4 Rf7 27.
Nd4 Rf8 28. Nb5 Be5 29. Rxe4 Bxh2 30. Re7 c6 31. Nd4 c5 32. Nb5 c4 33. Ba2 Nxa4
34. Rxg7 Ra6 35. Rdd7 Nc5 36. Rdf7 Re8+ 37. Kf3 Rb6 38. Bxc4 a4 39. Rg6 Ra6 40.
f6 Rc8 41. Rxh6 Be5 42. Kg4 a3 43. Kf5 Bb2 44. Ba2 Rb6 45. c4 Nd3 46. Rhh7 Rc5+
47. Ke4 Nxf2+ 48. Kf3 Nd3 49. Rf8+ Rc8 50. Rxc8+ Kxc8 51. f7 Ne5+ 52. Ke2 Ng6
53. Rh3 Kd7 54. Rg3 Ke7 55. c5 Rf6 56. Nd6 Bd4 57. Ne4 Rc6 58. Rxa3 Ra6 59.
Rxa6 bxa6 60. c6 Be5 61. Nc5 a5 62. Ke3 Bc7 63. Ke4 Nf8 64. Kf5 Kd6 65. Ne6
Kxc6 66. Nxf8 1-0

[Event "Championnat de la Loire virtuel"]
[Site "?"]
[Date "2001.10.20"]
[Round "5"]
[White "Rivet, Gerard"]
[Black "Poncet, Alain"]
[Result "1-0"]
[WhiteElo "1499"]
[BlackElo "1820"]
[PlyCount "53"]

1. e4 Nf6 2. e5 Nd5 3. d4 d6 4. Nf3 Bg4 5. Be2 e6 6. O-O dxe5 7. dxe5 Nd7 8. c4
N5b6 9. Nbd2 Bb4 10. a3 Bxd2 11. Nxd2 Bxe2 12. Qxe2 O-O 13. b4 c5 14. Nf3 Qc7
15. b5 Rad8 16. a4 f6 17. exf6 Nxf6 18. Qxe6+ Kh8 19. a5 Rde8 20. axb6 axb6 21.
Qf5 Ne4 22. Qd5 Nc3 23. Qd3 Ne2+ 24. Kh1 Qf7 25. Ng5 Qh5 26. Be3 h6 27. Qh7#
1-0

[Event "Championnat de la Loire virtuel"]
[Site "?"]
[Date "2001.10.20"]
[Round "5"]
[White "Rea, Laurent"]
[Black "Deville, Olivier"]
[Result "0-1"]
[WhiteElo "1840"]
[BlackElo "2038"]
[PlyCount "92"]

1. d4 d5 2. c4 e6 3. cxd5 exd5 4. Nc3 c6 5. Qc2 Na6 6. a3 Nc7 7. Nf3 Nf6 8. Bg5
Ne6 9. Bh4 Be7 10. e3 g6 11. Bd3 Ng7 12. O-O Bf5 13. b4 a6 14. Na4 Bxd3 15.
Qxd3 Nf5 16. Nc5 Nxh4 17. Nxh4 Qc7 18. Nf3 Bd6 19. Ne5 O-O 20. Rac1 Bxe5 21.
dxe5 Nd7 22. e6 Ne5 23. Qd1 f5 24. f4 Nc4 25. Qd4 Nxa3 26. Nd7 Nb5 27. Qb2 Qd6
28. Nf6+ Rxf6 29. Qxf6 Rf8 30. Qb2 Qxe6 31. Rce1 Nd6 32. Qd4 Nc4 33. Rf3 Re8
34. Kf2 Qd6 35. Rb1 Re4 36. Qc3 Qe7 37. Rd1 Nd6 38. Kf1 Nb5 39. Qe1 Rxb4 40. h3
a5 41. g4 Qe4 42. gxf5 Qxf3+ 43. Qf2 Qxd1+ 44. Qe1 Qf3+ 45. Kg1 Rb2 46. Qf1
Qg3+ 0-1

[Event "Championnat de la Loire virtuel"]
[Site "?"]
[Date "2001.10.20"]
[Round "5"]
[White "Brisson, Philippe"]
[Black "Soler, Gerald"]
[Result "1-0"]
[WhiteElo "1400"]
[BlackElo "1140"]
[PlyCount "71"]

1. c4 Nf6 2. d4 e6 3. Nc3 d5 4. Bg5 Be7 5. Nf3 O-O 6. Bxf6 Bxf6 7. e3 b6 8. Be2
Bb7 9. O-O g6 10. cxd5 exd5 11. Re1 Re8 12. b4 Bg7 13. b5 Nd7 14. a4 Nf6 15.
Ne5 a6 16. h3 a5 17. Bf3 Rc8 18. Qb3 Qd6 19. Rad1 Red8 20. g3 h5 21. Kg2 g5 22.
g4 h4 23. Be2 Nh7 24. Nf3 f6 25. Bd3 Nf8 26. Bf5 Nd7 27. e4 c6 28. bxc6 Rxc6
29. Qxd5+ Qxd5 30. Nxd5 Rc4 31. Bxd7 Bxd5 32. Bb5 Rc7 33. exd5 Rxd5 34. Re6 f5
35. Rg6 fxg4 36. hxg4 1-0

[Event "Championnat de la Loire virtuel"]
[Site "?"]
[Date "2001.10.20"]
[Round "5"]
[White "Valet, Godeffroy"]
[Black "Valla, Nicolas"]
[Result "0-1"]
[WhiteElo "1570"]
[BlackElo "1940"]
[PlyCount "78"]

1. e4 c6 2. d4 d5 3. e5 Bf5 4. Bd3 Bxd3 5. Qxd3 e6 6. Nf3 Qa5+ 7. Bd2 Qa6 8.
Qxa6 Nxa6 9. O-O c5 10. c3 Ne7 11. b4 c4 12. Bc1 Ng6 13. a4 Be7 14. Bg5 Bxg5
15. Nxg5 Nf4 16. g3 Nd3 17. Ra2 Nc7 18. f4 Ke7 19. f5 exf5 20. Rxf5 Raf8 21.
Nd2 f6 22. exf6+ Rxf6 23. Re5+ Nxe5 24. dxe5 Rf5 25. Ndf3 h6 26. g4 Rf4 27. h3
hxg5 28. Kg2 Ne6 29. Rd2 Rhf8 30. Nh2 Re4 31. Nf3 Re3 32. Nh2 Nf4+ 33. Kf2 Rxc3
34. Ke1 Rc1+ 35. Kf2 c3 36. Ra2 c2 37. Rxc2 Rxc2+ 38. Kg3 Rh8 39. b5 Rxh3# 0-1

[Event "Championnat de la Loire virtuel"]
[Site "?"]
[Date "2001.10.20"]
[Round "5"]
[White "Pomat, Jerome"]
[Black "Rousset, Nicolas"]
[Result "0-1"]
[WhiteElo "1480"]
[BlackElo "1910"]
[PlyCount "34"]

1. e4 c5 2. d4 cxd4 3. c3 dxc3 4. Nxc3 e6 5. Nf3 a6 6. Bc4 b5 7. Bb3 Bb7 8. O-O
b4 9. Ne2 Bxe4 10. Ned4 Be7 11. Re1 Nf6 12. Bg5 Bb7 13. Qd2 Nc6 14. Bxf6 gxf6
15. Qh6 Nxd4 16. Nxd4 Qb6 17. Rad1 O-O-O 0-1

[Event "Championnat de la Loire virtuel"]
[Site "?"]
[Date "2001.10.20"]
[Round "6"]
[White "Poncet, Alain"]
[Black "Rousset, Nicolas"]
[Result "0-1"]
[WhiteElo "1820"]
[BlackElo "1910"]
[PlyCount "42"]

1. e4 c5 2. Nc3 Nc6 3. f4 d6 4. Nf3 g6 5. Bb5 Bd7 6. d4 cxd4 7. Nxd4 Bg7 8. Be3
Nf6 9. O-O Ng4 10. Bxc6 Nxe3 11. Bxd7+ Qxd7 12. Qd3 Nxf1 13. Rxf1 O-O 14. f5 a6
15. Nd5 Qd8 16. fxg6 hxg6 17. c3 e6 18. Ne3 Rc8 19. Ng4 Qb6 20. Kh1 Qxb2 21.
Ne2 Qxa2 0-1

[Event "Championnat de la Loire virtuel"]
[Site "?"]
[Date "2001.10.20"]
[Round "6"]
[White "Valla, Nicolas"]
[Black "Pomat, Jerome"]
[Result "1-0"]
[WhiteElo "1940"]
[BlackElo "1480"]
[PlyCount "45"]

1. e4 c6 2. d4 Na6 3. Nc3 Nc7 4. Bd3 e6 5. Nf3 d5 6. Bg5 Be7 7. Bxe7 Qxe7 8. e5
f6 9. O-O Bd7 10. Ne2 O-O-O 11. c3 c5 12. dxc5 Qxc5 13. Re1 Ne7 14. b4 Qc6 15.
a4 a6 16. b5 Qb6 17. bxa6 Nxa6 18. Ned4 Nc5 19. a5 Qa7 20. a6 Nxd3 21. axb7+
Qxb7 22. Qxd3 f5 23. Reb1 1-0

[Event "Championnat de la Loire virtuel"]
[Site "?"]
[Date "2001.10.20"]
[Round "6"]
[White "Soler, Gerald"]
[Black "Valet, Godeffroy"]
[Result "1/2-1/2"]
[WhiteElo "1140"]
[BlackElo "1570"]
[PlyCount "66"]

1. e4 e6 2. d4 d5 3. exd5 exd5 4. Nf3 Bd6 5. Bd3 Nf6 6. Nc3 O-O 7. O-O c6 8.
Re1 Bg4 9. Bg5 Nbd7 10. Bf1 Qc7 11. g3 Rfe8 12. Qd3 h6 13. Bd2 Ne4 14. Bg2 Nxc3
15. Bxc3 Nf6 16. b3 Qd7 17. Bh1 Ne4 18. Bb2 Bb4 19. c3 Bd6 20. c4 Bb4 21. Re2
Qe7 22. cxd5 cxd5 23. Re3 f6 24. Ne1 Bf5 25. Qb5 Rad8 26. Nc2 Bd2 27. Re2 a6
28. Qd3 Nxg3 29. Rxe7 Bxd3 30. Rxe8+ Rxe8 31. Bxd5+ Kh7 32. fxg3 Bxc2 33. Bxb7
Be3+ 1/2-1/2

[Event "Championnat de la Loire virtuel"]
[Site "?"]
[Date "2001.10.20"]
[Round "6"]
[White "Deville, Olivier"]
[Black "Brisson, Philippe"]
[Result "1-0"]
[WhiteElo "2038"]
[BlackElo "1400"]
[PlyCount "105"]

1. Nf3 d5 2. d4 Nc6 3. g3 Nf6 4. Bg2 g6 5. O-O Bg7 6. Nbd2 O-O 7. c4 dxc4 8.
Nxc4 Bg4 9. Nce5 Nxe5 10. Nxe5 c6 11. Nxg4 Nxg4 12. e4 Bxd4 13. Qxg4 h5 14. Qe2
e5 15. Bh6 Re8 16. Rad1 Qf6 17. Be3 Rad8 18. Bxd4 exd4 19. Rd3 c5 20. Rc1 b6
21. Qc2 Qe6 22. Qc4 Qf6 23. b4 Rc8 24. b5 Rc7 25. a4 h4 26. Ra1 Ree7 27. a5 Kh7
28. gxh4 Kg7 29. Rh3 d3 30. Rd1 bxa5 31. Rhxd3 Qxh4 32. Rh3 Qg4 33. Rd8 Rcd7
34. Rxd7 Rxd7 35. Rd3 Rc7 36. Qc3+ f6 37. e5 Rf7 38. Qxc5 Qg5 39. exf6+ Qxf6
40. Qd4 Re7 41. Qxf6+ Kxf6 42. Rd6+ Re6 43. Ra6 Rxa6 44. bxa6 Ke5 45. Bc6 Kd4
46. Kg2 Kc5 47. Be8 Kb4 48. Bxg6 a4 49. h4 a3 50. Bf7 Kc3 51. h5 Kb2 52. h6 a2
53. Bxa2 1-0

[Event "Championnat de la Loire virtuel"]
[Site "?"]
[Date "2001.10.20"]
[Round "6"]
[White "Rivet, Gerard"]
[Black "Rea, Laurent"]
[Result "1-0"]
[WhiteElo "1499"]
[BlackElo "1840"]
[PlyCount "83"]

1. e4 c5 2. Nc3 e6 3. g3 d6 4. d3 Nf6 5. Bg2 Be7 6. Nf3 O-O 7. O-O Nc6 8. Re1
a6 9. a3 Rb8 10. Be3 b5 11. d4 cxd4 12. Nxd4 Bb7 13. Nxc6 Bxc6 14. b4 Ng4 15.
Qxg4 f5 16. exf5 exf5 17. Qd1 Qc7 18. Bxc6 Qxc6 19. Qd5+ Qxd5 20. Nxd5 Bd8 21.
Bf4 Bf6 22. Rad1 Rbc8 23. Bxd6 Rf7 24. Nxf6+ Rxf6 25. Bc5 Rfc6 26. Re7 R6c7 27.
Rdd7 Rxd7 28. Rxd7 Ra8 29. Bd4 g6 30. Rg7+ Kf8 31. Rxh7 Re8 32. Rh8+ Kf7 33.
Rxe8 Kxe8 34. Kg2 Kf7 35. Kf3 Ke6 36. Ke3 Kd5 37. h4 Kc4 38. Bf6 Kd5 39. Kf4
Ke6 40. Kg5 Kf7 41. Bd4 Kg8 42. Kxg6 1-0

[Event "Championnat de la Loire virtuel"]
[Site "?"]
[Date "2001.10.20"]
[Round "7"]
[White "Rea, Laurent"]
[Black "Poncet, Alain"]
[Result "1/2-1/2"]
[WhiteElo "1840"]
[BlackElo "1820"]
[PlyCount "76"]

1. d4 Nf6 2. c4 e6 3. Nc3 Bb4 4. Qc2 c5 5. dxc5 Nc6 6. Nf3 Bxc5 7. e3 O-O 8. a3
b6 9. b4 Be7 10. Bd3 Bb7 11. Bb2 h6 12. Rd1 Qe8 13. Ne4 Nxe4 14. Bxe4 f5 15.
Bd3 Bf6 16. O-O Bxb2 17. Qxb2 Qg6 18. Be2 Rad8 19. Rd2 Qf6 20. Qb1 g5 21. Rfd1
Rf7 22. Rf1 h5 23. Qd1 g4 24. Nd4 h4 25. Nb5 d5 26. cxd5 exd5 27. Rxd5 Rxd5 28.
Qxd5 Ne5 29. Qd6 h3 30. Qxf6 Rxf6 31. g3 Bf3 32. Bd1 a5 33. Nd4 Bxd1 34. Rxd1
Rd6 35. Rc1 Kf7 36. Kf1 Kf6 37. Rc8 axb4 38. axb4 Rd7 1/2-1/2